000 00807nac a22002417a 4500
001 BR8901384
003 BR-BrBNA
005 20240105120923.0
008 230509b bl.|||m| |||| 00| 0 por d
040 _aBR-BrBNA
_bpor
_cBiblioteca Nacional de Agricultura
072 _aE10; E50
090 _aE10 BR8901384
110 1 _aCentral Regional de Informacoes Agropecuarias e Economicas, Ijui, RS (Brasil)
_91403
245 1 _aConstituinte/constituicao. Transicao democratica. Constituicoes e constituintes no Brasil
260 3 _aIjui, RS (Brasil):
_c1985.
300 _a40 p.
490 _aBoletim CRIAEC (Brazil)
_vv. 3(44)
_x
650 _aPOLITICA ECONOMICA
650 _aDESENVOLVIMENTO SOCIAL
650 _aLEGISLACAO
909 _a202312
_bLúcia Elande
_c55
_dLúcia Elande
942 _2AGRIS
_n0
_cMS
999 _c282186
_d282186